The Journal of Nursery Education

محفوظ في:

التنسيق: دورية

اللغة: Undetermined

منشور في: JSTOR
National Association for the Education of Young Children (NAEYC)

الموضوعات:

الوصول للمادة أونلاين: Login to view Source

الوسوم: إضافة وسم

لا توجد وسوم, كن أول من يضع وسما على هذه التسجيلة!

رقم الطلب:

LEADER 00558nas a2200169Ia 4500
008 220214c99999999xx |||||||||||| ||und||
022 |a 2334-3982 
022 |a 2374-2844 
245 0 4 |a The Journal of Nursery Education 
264 1 |b JSTOR 
264 1 |b National Association for the Education of Young Children (NAEYC) 
362 0 |a Vol. 12(1956)-19 (1964) 
653 1 0 |a Social Sciences 
856 4 0 |u https://www.jstor.org/journal/jnurseryeduc 
942 |c JL 
952 |0 0  |1 0  |4 0  |7 1  |9 35750  |a JSR  |b JSR  |d 2022-02-14  |l 0  |r 2022-02-14 00:00:00  |w 2022-02-14  |y JL 
999 |c 44083  |d 44083